| 000 | 00390nam a2200145Ia 4500 | ||
|---|---|---|---|
| 008 | 210210b1983 xxu||||| |||| 00| 0 eng d | ||
| 082 | _a523.89K NARN | ||
| 100 | _aNARAYANARAV (Ji Ti). | ||
| 245 | _aNakshatravikshane. | ||
| 260 |
_aMaisuru _bKarnataka Rajya Vayaskara Shikshana Samiti _c1983 |
||
| 300 | _ax,81 | ||
| 650 | _aNakshatra vikshane | ||
| 690 | _aAstronomy | ||
| 906 | _aSG03215 | ||
| 999 |
_c114237 _d114237 |
||